Word Ladder: Vermeer Gal Quiz Stats

 Plays Quiz Updated Mar 4, 2015

Challenge
Share
Tweet
Embed
Score 0/29 Timer 03:00
0 Plays Today
Clue 4-Letter Word % Correct
Respiratory organ of fishGILL
98.1%
Opposite of slowFAST
97.4%
Clinton or Belichick, e.g.BILL
97.2%
To clamp down with teethBITE
96.9%
Closed hand used as a weaponFIST
96.8%
Aquatic creature that goes well with chipsFISH
96.8%
Slang for passing gasFART
96.7%
Liver secretionBILE
96.4%
What you do before blowing out candlesWISH
95.2%
❧ Young woman ❧🎨 GIRL 🎨
95.2%
❧ Accompanied by ❧🎨 WITH 🎨
94.2%
Place of an archaeological digSITE
93.8%
Section or something largerPART
92.2%
❧ Sound a cat makes ❧🎨 PURR 🎨
92.1%
❧ Where boxing or wrestling takes place ❧🎨 RING 🎨
91.4%
Clue 4-Letter Word % Correct
They usually have Darth in their namesSITH
90.7%
Unsoiled, wholesomePURE
90%
Singer Crosby or type of cherryBING
89.4%
Skin openingPORE
88.3%
Containers for laundry or garbageBINS
87.2%
Cumberbatch, Stiller and Franklin, e.g.BENS
86.9%
Henry VIII's final CatherinePARR
85.6%
Part of the eyeLENS
85.2%
Fortified winePORT
82%
Lively, or saucily free and forwardPERT
69.9%
Type of mossPEAT
69.3%
Bosc or Anjou, e.g.PEAR
65.3%
Grasslands, pasturesLEAS
64.3%
❧ Father to Cordelia, Regan and Goneril ❧🎨 LEAR 🎨
62%

Today's Daily Dose

Quick Pick
The Muppets

On This Day
December 19th II

You're not logged in!

Compare scores with friends on all Sporcle quizzes.
OR
Log In

You Might Also Like...

Show Comments

Extras

Top Quizzes Today


Score Distribution

Your Account Isn't Verified!

In order to create a playlist on Sporcle, you need to verify the email address you used during registration. Go to your Sporcle Settings to finish the process.

Report this User

Report this user for behavior that violates our Community Guidelines.

Details: